| 000 | 00984nam a2200265 i 4500 | ||
|---|---|---|---|
| 001 | 14538 | ||
| 003 | ES-MaACL | ||
| 005 | 20250804223817.0 | ||
| 007 | t| | ||
| 008 | 980528s1988 sp |||| | spa j | ||
| 020 | _a84-7232-460-5 | ||
| 080 | _a329(85) | ||
| 100 | 1 |
_aHaya de la Torre, Víctor Raúl. _962183 |
|
| 245 | 1 | 0 |
_aVictor Raúl Haya de la Torre / _cedición a cargo de Milda Rivarola y Pedro Planas ; prólogo de Antonio Lago Carballo. |
| 260 |
_aMadrid : _bCultura Hispánica, _c1988. |
||
| 300 |
_a167 p. ; _c24 cm. |
||
| 490 | 1 |
_aAntología del pensamiento político, social y económico de América Latina ; _v5 |
|
| 610 | 2 | 7 |
_aAlianza Popular Revolucionaria Americana. _91335 |
| 700 | 1 |
_aRivarola, Milda. _997545 |
|
| 700 | 1 |
_aPlanas, Pedro. _992525 |
|
| 700 | 1 |
_aLago Carballo, Antonio. _969588 |
|
| 830 | 0 | 0 |
_aAntología del pensamiento político, social y económico de América Latina _v5 _9178008 |
| 852 |
_aES-MaACL _jL-21819 |
||
| 999 |
_c14538 _d14538 |
||